Vöröskeresztesek a járásban eredmények, gondok, feladatok /

Elmentve itt :
Bibliográfiai részletek
Szerző: Mag Edit
Dokumentumtípus: Cikk
Megjelent: 1982-05-04
Sorozat:Délmagyarország 72 No. 102
Kulcsszavak:Szegedi járás, Egészségügy Vöröskereszt Szegedi járás
Online Access:http://dmarchiv.bibl.u-szeged.hu/85807
LEADER 00522nab a2200157 i 4500
001 delm85807
005 20190624131831.0
008 190624s1982 hu o 0|| hun d
040 |a SZTE Délmagyarország Archívum  |b hun 
041 |a hun 
100 1 |a Mag Edit 
245 1 0 |a Vöröskeresztesek a járásban   |h [elektronikus dokumentum] :  |b eredmények, gondok, feladatok /  |c  Mag Edit 
260 |c 1982-05-04 
300 |a 4 
490 0 |a Délmagyarország  |v 72 No. 102 
695 |a Szegedi járás, Egészségügy Vöröskereszt Szegedi járás